Vista normal
Vista MARC
Entrada Personal Name
Número de registros utilizados en: 1
001 - CONTROL NUMBER
- control field: 14992
003 - CONTROL NUMBER IDENTIFIER
- control field: DLC
005 - DATE AND TIME OF LATEST TRANSACTION
- control field: 20231013134351.0
008 - FIXED-LENGTH DATA ELEMENTS
- fixed length control field: 900510n| acannaab| |n aaa c
010 ## - LIBRARY OF CONGRESS CONTROL NUMBER
- LC control number: nr 90008005
040 ## - CATALOGING SOURCE
- Original cataloging agency: CMalG-V
- Transcribing agency: Mx-PuUPA
- Language of cataloging: spa
- Modifying agency: Mx-PuUPA
- Description conventions: rda
046 ## - SPECIAL CODED DATES
- Birth date: 1695
- Death date: 1768
100 10 - HEADING--PERSONAL NAME
- Personal name: Cabrera, Miguel,
- Dates associated with a name: 1695-1768
374 ## - OCCUPATION
- Occupation: Autor
- Occupation: Pintor oaxaqueño del siglo XVIII
375 ## - GENDER
- Gender: hombre
377 ## - ASSOCIATED LANGUAGE
- Language code: spa
670 ## - SOURCE DATA FOUND
- Source citation: Encic. del arte en América, 1968:
- Information found: v. 3 (Cabrera, Miguel; Mexican painter; b. Tlalixtac (Oaxaca) 5/27/1695, d. Mexico City 5/16/1768)
670 ## - SOURCE DATA FOUND
- Source citation: RLIN data base, 05/09/90
- Information found: (hdg.: Cabrera, Miguel, 1695-1768; usage: Miguel Cabrera)